Fast Typing Movie Titles - Statistics

General Stats
  • This quiz has been taken 36 times
  • The average score is 15 of 16
Answer Stats
Movie Title % Correct
Ben-Hur Ben-Hur
100%
Fight Club Fight Club
100%
La La Land La La Land
100%
Good Will Hunting Good Will Hunting
97%
Mary Poppins Mary Poppins
97%
Ocean's Eleven Ocean's Eleven
97%
The Godfather The Godfather
93%
The Sound of Music The Sound of Music
93%
Chinatown Chinatown
90%
Citizen Kane Citizen Kane
90%
Home Alone Home Alone
90%
Lawrence of Arabia Lawrence of Arabia
90%
My Fair Lady My Fair Lady
90%
Rain Man Rain Man
90%
Back to the Future Back to the Future
86%
Edward Scissorhands Edward Scissorhands
86%
No matching quizzes found
Score Distribution
Percent of People with Each Score
Percentile by Number Answered
Your Score History
You have not taken this quiz